00631nam a2200181 a 450000500170000000800410001702000180005805000220007610000220009824500820012026000500020230000210025250000780027365000270035165000210037865000220039970000280042120140310183358.0121004s19uu xx 00 eng d a9788171934555 aZ 678b.P189 2011 aPandey, Raghunath aLibrary planning and development /cRaghunath Pandey, M.N. Valayudhan Pillai. aNew Delhi, India :bJnanada Prakashan,c2011. a309 p. :c22 cm. a"in association with confederation of Indian Universities" Includes index aLibrary administration aLibrary planning aLibrary employees aPillai, M.N. Valayudhan